Tabela Periódica - Metais Alcalinos Terrosos - Statistics

Estatísticas Gerais
  • Esse quiz foi jogado 152 vezes
  • A pontuação média é 5 de 6
Estatísticas das Respostas
# Símbolo Elemento % Correto
12 Mg Magnésio
88%
4 Be Berílio
84%
20 Ca Cálcio
84%
88 Ra Rádio
76%
56 Ba Bário
73%
38 Sr Estrôncio
65%
Nenhum quiz correspondente encontrado
Distribuição das Pontuações
Porcentagem de Pessoas com Cada Pontuação
Percentil de Números Respondidos
Sua Pontuação Histórica
Você não jogou esse quiz